University Home | Library Home | Institutional Repository

Ainu life and lore; (Record no. 165024)

MARC details
000 -LEADER
fixed length control field 00824cam5a220024100 4500
001 - CONTROL NUMBER
control field lce00712089
008 - FIXED-LENGTH DATA ELEMENTS--GENERAL INFORMATION
fixed length control field 711014r19711927ja ac 000 0 eng
010 ## - LIBRARY OF CONGRESS CONTROL NUMBER
LC control number 70149491
035 ## - SYSTEM CONTROL NUMBER
System control number (Sirsi) r104975
035 ## - SYSTEM CONTROL NUMBER
System control number (DLC) 70149491
035 ## - SYSTEM CONTROL NUMBER
System control number (UPRA)lce00712089
043 ## - GEOGRAPHIC AREA CODE
Geographic area code a-ja---
050 0# - LIBRARY OF CONGRESS CALL NUMBER
Classification number DS832
Item number .B35 1971
082 ## - DEWEY DECIMAL CLASSIFICATION NUMBER
Classification number 910.039/46
100 1# - MAIN ENTRY--PERSONAL NAME
Personal name Batchelor, John, 1854-1944.
Dates associated with a name Batchelor, John, 1854-1944.
Linkage A61970.1
245 10 - TITLE STATEMENT
Title Ainu life and lore;
Remainder of title echoes of a departing race.
260 ## - PUBLICATION, DISTRIBUTION, ETC.
Place of publication, distribution, etc. Tokyo, New York,
Name of publisher, distributor, etc. Kyobunkwan, Johnson Reprint Corp.,
Place of publication, distribution, etc. Tokyo, New York,
Name of publisher, distributor, etc. Kyobunkwan, Johnson Reprint Corp.,
Date of publication, distribution, etc. 1971.
490 0# - SERIES STATEMENT
Series statement Landmarks in anthropology
Linkage S5285.1
500 ## - GENERAL NOTE
General note Reprint of the 1927? ed.
650 #0 - SUBJECT ADDED ENTRY--TOPICAL TERM
Topical term or geographic name entry element Ainu.
Linkage S48264.1
949 ## - LOCAL PROCESSING INFORMATION (OCLC)
a DS832
w lcc
i -149150
m MAIN
t BOOK
l ON-SHELF

No items available.

© 2026 - The University of Zambia Library - Koha v25.11